Linkin Park- One More Light - Statistiques

Statistiques générales
  • Ce quiz a été pris 30 fois
  • Le résultat moyen est 7 sur 10
Statistiques - réponses
Hint Réponse % Correct
09 One More Light
100%
06 Heavy
84%
04 Battle Symphony
72%
02 Good Goodbye
68%
01 Nobody Can Save Me
68%
03 Talking To Myself
68%
10 Sharp Edges
60%
07 Sorry For Now
56%
08 Halfway Right
52%
05 Invisible
52%
Aucun quiz correspondant
Distribution des résultats
% des personnes avec chaque résultat
Percentile par nombre de réponses
Votre historique - résultats
Vous n’avez pas pris ce quiz